अज्ञेय का संसार :शब्द और सत्य (Record no. 1252073)

MARC details
000 -LEADER
fixed length control field 00807nam a2200193Ia 4500
008 - FIXED-LENGTH DATA ELEMENTS--GENERAL INFORMATION
fixed length control field 151121s9999||||xx |||||||||||||| ||und||
082 ## - DEWEY DECIMAL CLASSIFICATION NUMBER
Classification number 838/ वाजपे
082 ## - DEWEY DECIMAL CLASSIFICATION NUMBER
Item number HNW-70599
100 ## - MAIN ENTRY--PERSONAL NAME
Personal name वाजपेयी अशोक-संपा।
245 ## - TITLE STATEMENT
Title अज्ञेय का संसार :शब्द और सत्य
260 ## - PUBLICATION, DISTRIBUTION, ETC. (IMPRINT)
Name of publisher, distributor, etc "पुर्वोदय प्रकाशन, नई दिल्ली।"
260 ## - PUBLICATION, DISTRIBUTION, ETC. (IMPRINT)
Date of publication, distribution, etc --
300 ## - PHYSICAL DESCRIPTION
Extent 178
600 ## - SUBJECT ADDED ENTRY--PERSONAL NAME
Personal name वाजपेयी अशोक-संपा।
630 ## - SUBJECT ADDED ENTRY--UNIFORM TITLE
Uniform title अज्ञेय का संसार :शब्द और सत्य
700 ## - ADDED ENTRY--PERSONAL NAME
Personal name वाजपेयी अशोक-संपा।
730 ## - ADDED ENTRY--UNIFORM TITLE
Uniform title अज्ञेय का संसार :शब्द और सत्य
942 ## - ADDED ENTRY ELEMENTS (KOHA)
Koha item type Book
Holdings
Withdrawn status Lost status Damaged status Not for loan Home library Current library Date acquired Cost, normal purchase price Total Checkouts Full call number Barcode Date last seen Cost, replacement price Price effective from Koha item type
        Hirachand Nemchand Wachanalaya, Solapur Hirachand Nemchand Wachanalaya, Solapur 11/21/2015 175.00   HNW-70599 HNW-70599 11/21/2015 175.00 11/21/2015 Book